| 000 | 00509nam a2200157 4500 | ||
|---|---|---|---|
| 082 | _aBSCS-2 SID | ||
| 100 | _aFATIMA SIDDIQUE | ||
| 245 | _aDriver Drowsiness Detection: Based on Eye Tracking and Yawning | ||
| 260 |
_aISLAMABAD _bNUST-SEECS _c2016 |
||
| 300 |
_a40p. _eCD INCLUDES |
||
| 563 | _aa | ||
| 856 | _uhttp://10.250.8.41:8080/xmlui/handle/123456789/8673 | ||
| 942 |
_2ddc _cTHE |
||
| 999 |
_c173083 _d173083 |
||